| 000 | 00764nam a2200217Ia 4500 | ||
|---|---|---|---|
| 003 | OSt | ||
| 005 | 20260112163930.0 | ||
| 008 | 220922b |||||||| |||| 00| 0 hin d | ||
| 037 | _cTB | ||
| 040 |
_aAL _cAL _bhin |
||
| 041 |
_2hin _ahin |
||
| 084 |
_aO152,3:gN7 M9 _qAL |
||
| 100 |
_aलाल, लक्षमी नारायण _9863980 |
||
| 245 | 0 | _aआधुनिक हिन्दी कहानी | |
| 246 | _aĀdhunik hindī kahānī | ||
| 260 |
_aनई दिल्ली: _bवाणी प्रका0, _c1970. |
||
| 300 |
_a104पृ. _ccm. |
||
| 650 |
_aहिन्दी साहित्य _9156264 |
||
| 942 |
_hO152,3:gN7 M9 _cTB _2CC _n0 |
||
| 999 |
_c346367 _d346367 |
||